Single Vowel Countries - Statistics

General Stats
  • This quiz has been taken 48,399 times
    47,467 since last reset
  • The average score is 11 of 19
Answer Stats
Country % Correct
Canada
80%
Fiji
76%
Japan
76%
Togo
72%
Yemen
65%
Chad
64%
Sweden
62%
Morocco
61%
Panama
61%
Greece
58%
Ghana
53%
Qatar
52%
Kosovo
49%
Bahamas
47%
Malta
44%
Comoros
42%
Madagascar
42%
Rwanda
40%
Kazakhstan
37%
No matching quizzes found
Score Distribution
Percent of People with Each Score
Percentile by Number Answered
Your Score History
You have not taken this quiz since the last reset